Sociální média a značky na sociálních sítích
Prostredníctvom sociálnych médií sa firmy snažia podporovať svoje značky vytváraním a šírením obsahu, ktorý značku zákazníkom a ďalším potenciálnym záujemcom pozitívne predstavuje. Vytváraním komunít na sociálnych sieťach (napr. Facebook, Instagram) poskytujú zaujímavý obsah a snažia sa udržať väzbu...
Gespeichert in:
| 1. Verfasser: | |
|---|---|
| Weitere Verfasser: | |
| Format: | Buchkapitel |
| Sprache: | Tschechisch |
| Schlagworte: | |
| Tags: |
Keine Tags, Fügen Sie das erste Tag hinzu!
|
MARC
| LEADER | 00000naa a2200000 4500 | ||
|---|---|---|---|
| 001 | 0258815 | ||
| 005 | 20191008091701.6 | ||
| 041 | 0 | |a cze | |
| 044 | |a CZ | ||
| 245 | 1 | 0 | |a Sociální média a značky na sociálních sítích |c Ludvík Eger, Michal Mičík |
| 520 | |a Prostredníctvom sociálnych médií sa firmy snažia podporovať svoje značky vytváraním a šírením obsahu, ktorý značku zákazníkom a ďalším potenciálnym záujemcom pozitívne predstavuje. Vytváraním komunít na sociálnych sieťach (napr. Facebook, Instagram) poskytujú zaujímavý obsah a snažia sa udržať väzbu so značkou. Marketérom tieto komunity poskytujú cenné informácie, a tak môžu segmentovať cieľové skupiny a realizovať vhodnú komunikáciu. Vytvárajú sa virtuálne komunity spojené so značkou. Zaujímavé sú výsledky empirickej štúdie z ČR. | ||
| 610 | 2 | 0 | |a marketing |
| 610 | 2 | 0 | |a komunikácia marketingová |
| 610 | 2 | 0 | |a značky |
| 610 | 2 | 0 | |a zákazníci |
| 610 | 2 | 0 | |a komunity |
| 610 | 2 | 0 | |a siete sociálne |
| 610 | 2 | 0 | |a štúdie |
| 610 | 2 | 0 | |a Česko |
| 100 | 1 | |a Eger, Ludvík | |
| 700 | 1 | |a Mičík, Michal | |